000 01187nam a22002891 4500
001 35665
003 BD-RjUL
005 20211209052347.0
008 140529s1967 maua b 001 0 eng
035 _a(BD-RjUL)35760
040 _aDLC
_cWa
_dDLC
_dBD-RjUL
_beng
041 _aeng
082 0 0 _a306.85096073
_bRAM 1967
100 1 _aRainwater, Lee.
_9108580
245 1 4 _aThe Moynihan report and the politics of controversy :
_ba Trans-action social science and public policy report /
_c[by] Lee Rainwater [and] William L. Yancey. Including the full text of The Negro family: the case for national action by Daniel Patrick Moynihan.
260 _aCambridge, Mass. :
_bM. I. T. Press,
_c1967.
300 _axviii, 493 p. :
_bill. ;
_c25 cm.
500 _aCopy 7 is an ordered replacement copy for copies missing from the shelf.
504 _aIncludes bibliographical references.
610 1 0 _aUnited States.
_bDepartment of Labor.
_bOffice of Policy Planning and Research.
_9108641
650 0 _aAfrican American families.
_960461
700 1 _aYancey, William L.,
_ejoint author.
_9108582
942 _2ddc
_cBK
999 _c35665
_d35665